000 00518nam a2200181Ia 4500
008 100920s9999 xx 000 0 und d
082 _b103541
_a930 न 08
100 _aनायक श्रीकांत.
245 _aमंथन.
260 _bज्ञानदत्त पब्लि. पुणे.
_c2008
300 _a320
_bसाधी
365 _b300
520 _aइतिहास.
630 _aमंथन.
650 _aइतिहास.
730 _aमंथन.
942 _cBOOK
999 _c743973
_d743970